000 00479nam a2200157Ia 4500
008 210210b2001 xxu||||| |||| 00| 0 eng d
020 _a81 7094 431 7
082 _a341.484 WERU
100 _aWERNICK (Allan).
245 _aU.S. immigration and citizenship your complete guide.
260 _aNew Delhi.
_bVision Books.,
_c2001
300 _a324
650 _aUnited States Immigration, American Citizenship, Visa,Green Card
690 _aInternational Law
906 _a057199
999 _c104401
_d104401